Hlavné smery a problémy výskumu súčasnej politickej geografie

Politická geografia ako jedna z najdynamickejšie sa rozvíjajúcich a tematicky značne expandujúcich častí humánnej geografie vo svete, jej fragmentovanosť a nerovnaká rozvinutosť. Hlavné smery a problémy výskumu svetovej politickej geografie.

Guardado en:
Detalles Bibliográficos
Autor principal: Buček, Ján
Formato: Capítulo de libro
Lenguaje:eslovaco
Materias:
Etiquetas: Agregar Etiqueta
Sin Etiquetas, Sea el primero en etiquetar este registro!

MARC

LEADER 00000naa$a2200000$$$4500
001 0054784
005 20231102101007.8
041 0 |a slo 
044 |a SK 
245 1 0 |a Hlavné smery a problémy výskumu súčasnej politickej geografie  |c Ján Buček 
520 |a Politická geografia ako jedna z najdynamickejšie sa rozvíjajúcich a tematicky značne expandujúcich častí humánnej geografie vo svete, jej fragmentovanosť a nerovnaká rozvinutosť. Hlavné smery a problémy výskumu svetovej politickej geografie. 
610 2 0 |a geopolitika 
610 2 0 |a vzťahy medzinárodné 
610 2 0 |a hospodárstvo svetové 
610 2 0 |a systémy politické 
610 2 0 |a bezpečnosť 
610 2 0 |a vojny 
610 2 0 |a politika mierová 
100 1 |a Buček, Ján